000 00451cam a2200169ua 4500
020 _a0-07-085027-5
041 _aeng
_h
082 _a660
_bBAD/IN
100 _aBadger, Walter L .
245 _aIntroduction to chemical engineering /
_cWalter L Badger.
_hTextual Documents
260 _aNew York :
_bMcGraw Hill Book Company ,
_c1955.
300 _a753 ; .
504 _a
700 1 _aBanchero, Julius .
942 _cBK
999 _c10947
_d10947